20 Films avec Johnny Depp (Mort subite) - Statistiques

Statistiques générales
  • Ce quiz a été pris 1 163 fois
  • Le résultat moyen est 7 sur 20
Answers on the Grid
Answers color-coded by a green-red scale on the quiz's grid according to % correct below.
Les Griffes de la Nuit
Edward aux Mains d'Argent
Arizona Dream
Ed Wood
Donnie Brasco
Las Vegas Parano
La Neuvième Porte
Sleepy Hollow : La Légende du Cavalier sans Tête
Blow
Pirates des Caraïbes
From Hell
Neverland
Charlie et la Chocolaterie
Alice au Pays des Merveilles
The Tourist
Meurtre en Suspens
Il était une fois au Mexique... Desperado 2
Rhum Express
Transcendance
Gilbert Grape
Usual Suspects
American Beauty
Very Bad Trip
Titanic
Scream
Seul au Monde
Beetlejuice
Batman
Mars Attacks!
Once upon a Time… in Hollywood
The Big Lebowski
Fargo
Independence Day
La Momie
Stargate, la porte des étoiles
Identity
Reservoir Dogs
Trainspotting
Et au milieu coule une Rivière
Je suis une Légende
 
Statistiques - réponses
Réponse % Correct
Charlie et la Chocolaterie
81%
Pirates des Caraïbes
81%
Edward aux Mains d'Argent
77%
Alice au Pays des Merveilles
75%
Sleepy Hollow : La Légende du Cavalier sans Tête
55%
Ed Wood
35%
The Tourist
35%
Donnie Brasco
29%
Las Vegas Parano
29%
Gilbert Grape
27%
La Neuvième Porte
23%
Neverland
23%
Arizona Dream
22%
Rhum Express
22%
From Hell
20%
Les Griffes de la Nuit
20%
Blow
18%
Transcendance
17%
Il était une fois au Mexique... Desperado 2
15%
Meurtre en Suspens
9%
Aucun quiz correspondant
Distribution des résultats
% des personnes avec chaque résultat
Percentile par nombre de réponses
Votre historique - résultats
Vous n’avez pas pris ce quiz